[Event "Challenge"]
[Site "http://www.queenalice.com/game.php?id=1852357"]
[Date "2025.2.17"]
[Round "-"]
[White "marcomasa"]
[Black "Ricardoabreu"]
[Result "1-0"]
[WhiteElo "2108"]
[BlackElo "1672"]

1. e4 b6 2. Bc4 Bb7 3. Nc3 g6 4. Nf3 Bg7 5. d4 e6 6. Qd3 Qe7 7. Bd2 h6 8. a3 Nf6
9. h3 d6 10. a4 a6 11. Bb3 Nc6 12. Bf4 Nh5 13. Bh2 Nf6 14. g4 Nd7 15. Bg3 g5 16.
h4 Ndb8 17. h5 Nb4 18. Qe3 Qd7 19. Na2 Nxa2 20. Rxa2 Nc6 21. c3 Na5 22. Bc2 Nc4
23. Qd3 Na5 24. b4 Nc6 25. Bb3 Qe7 26. Bc2 Nb8 27. Kd1 Qd7 28. d5 exd5 29. exd5
Qxg4 30. Re1+ Kd7 31. Re4 Qf5 32. Re7+ Kd8 33. Qxf5 Kxe7 34. Qe4+ 1-0

[Event "Challenge"]
[Site "http://www.queenalice.com/game.php?id=1854187"]
[Date "2025.3.19"]
[Round "-"]
[White "marcomasa"]
[Black "Ricardoabreu"]
[Result "1-0"]
[WhiteElo "2129"]
[BlackElo "1668"]

1. e4 e5 2. Bc4 Qe7 3. Nc3 c6 4. Nf3 g6 5. d3 h6 6. Be3 Bg7 7. a3 b5 8. Ba2 Na6
9. Qe2 Nc5 10. h3 Bb7 11. d4 exd4 12. Bxd4 Bxd4 13. Nxd4 Nf6 14. f3 Nh5 15. Qe3
Ng3 16. Rh2 Ne6 17. Nxe6 fxe6 18. f4 Nh5 19. g3 Nf6 20. e5 Nh5 21. Ne4 Ng7 22.
Nd6+ Kf8 23. Nxb7 Nf5 24. Qf2 d6 25. Nxd6 Nxd6 26. exd6 Qxd6 27. Rd1 Qe7 28. Qf3
Rc8 29. Rd3 Kg7 30. Re2 Rhe8 31. Rxe6 Qc5 32. Rd7+ Kf8 33. Kd2 Rxe6 34. Bxe6 Ke8
35. f5 gxf5 36. Qh5+ 1-0

[Event "Challenge"]
[Site "http://www.queenalice.com/game.php?id=1854188"]
[Date "2025.3.19"]
[Round "-"]
[White "Ricardoabreu"]
[Black "marcomasa"]
[Result "0-1"]
[WhiteElo "1666"]
[BlackElo "2070"]

1. e4 e5 2. Qh5 Qf6 3. Bc4 g6 4. Qe2 Bc5 5. b3 Nc6 6. Bb2 d6 7. Na3 Bb6 8. Nb5
Nh6 9. h3 a6 10. Nc3 Be6 11. Nd5 Bxd5 12. Bxd5 Qe7 13. Bxc6+ bxc6 14. Qc4 Qd7
15. Nf3 f6 16. Ba3 d5 17. exd5 cxd5 18. Qb4 a5 19. Qh4 Ng8 20. Nh2 O-O-O 21. Ng4
Qf5 22. d3 h5 23. Ne3 Qe6 24. Rf1 Nh6 25. Qa4 f5 26. g3 Rhe8 27. Bb2 f4 28. gxf4
exf4 29. Qxf4 Nf5 30. Bc1 d4 31. Kd1 dxe3 32. fxe3 Nxe3+ 33. Bxe3 Bxe3 34. Qf3
Kb8 35. Re1 Qb6 36. Qg3 Bf2 37. Rxe8 Rxe8 38. Qf3 Re1+ 39. Kd2 Rxa1 40. Qf8+ Ka7
41. Qe8 Rxa2 42. Qe2 Qc5 43. Qd1 Be3+ 44. Ke2 Rxc2+ 45. Qxc2 Qxc2+ 46. Kxe3 Qxb3
0-1

[Event "Challenge"]
[Site "http://www.queenalice.com/game.php?id=1856538"]
[Date "2025.5.1"]
[Round "-"]
[White "marcomasa"]
[Black "Ricardoabreu"]
[Result "1-0"]
[WhiteElo "2073"]
[BlackElo "1662"]

1. e4 b6 2. Bc4 Bb7 3. Nc3 g6 4. Nf3 Bg7 5. d4 e6 6. Qd3 Bh6 7. Bd2 Bxd2+ 8.
Qxd2 Nf6 9. Qd3 Nc6 10. a3 Qe7 11. h3 a6 12. Ba2 Nh5 13. Qe3 Na5 14. g3 Nf6 15.
g4 h6 16. Qe2 Nc6 17. Qe3 d6 18. Bb3 b5 19. Nh2 Na5 20. Ba2 Nc6 21. Nf3 Na5 22.
Qe2 Nc6 23. Qe3 Na5 24. Qe2 Nd7 25. b4 Nc6 26. Bb3 Qf6 27. Qe3 Nb6 28. h4 O-O-O
29. Rh2 g5 30. h5 Nd7 31. Na2 Rde8 32. c3 Reg8 33. a4 Qf4 34. Qe2 Qxg4 35. Nc1
Qf4 36. Nd3 Qf6 37. axb5 axb5 38. Kd2 g4 39. Nh4 g3 40. fxg3 Rxg3 41. Rf1 Qg5+
42. Kc2 Nf6 43. Nf3 Qg7 44. Nf2 Rg2 45. Rxg2 Qxg2 46. Rg1 Qxg1 47. Nxg1 Rg8 48.
Ngh3 Rg3 49. Kb2 Ne7 50. Bc2 Neg8 51. Qxb5 Ne7 52. Qe2 Kd7 53. Qd2 Nc8 54. Qxh6
Nxe4 55. Bxe4 Bxe4 56. Nxe4 Rxh3 57. Qf8 f5 58. Nf6+ Kc6 59. Qxc8 Rh2+ 60. Kb3
Rd2 61. Qa8+ Kb5 62. Qb7# 1-0

[Event "Challenge"]
[Site "http://www.queenalice.com/game.php?id=1857330"]
[Date "2025.5.16"]
[Round "-"]
[White "Ricardoabreu"]
[Black "marcomasa"]
[Result "0-1"]
[WhiteElo "1664"]
[BlackElo "2071"]

1. b3 e5 2. Bb2 Nc6 3. g3 Qf6 4. Bg2 Bc5 5. e3 Nh6 6. Nf3 d5 7. Nh4 Qe6 8. Bf3
Bd7 9. Nc3 e4 10. Be2 a6 11. Na4 Ba7 12. Bxg7 Rg8 13. Bxh6 Qxh6 14. Nc3 Rg5 15.
Ng2 Ne7 16. Nf4 c6 17. h4 Rg8 18. Nh5 O-O-O 19. Na4 b5 20. Nb2 Kb8 21. Nf4 Ng6
22. Nxg6 Qxg6 23. Bh5 Qf5 24. Be2 Qe5 25. Rb1 Be6 26. d3 Qc7 27. Qd2 Bb6 28. b4
f6 29. Qc3 d4 30. Qd2 a5 31. a3 dxe3 32. fxe3 Rxg3 33. Qc3 f5 34. Rd1 Bxe3 35.
a4 Rg1+ 36. Rxg1 Bxg1 37. Qf6 Qg3+ 38. Kd2 Be3+ 39. Kc3 Bd4+ 40. Qxd4 Rxd4 41.
Kxd4 Qg7+ 42. Ke3 Qxb2 43. Kd2 axb4 44. dxe4 Qc3+ 45. Kc1 fxe4 46. axb5 Bb3 47.
Rd2 Qa1# 0-1

[Event "AUTO-INT-3937"]
[Site "http://www.queenalice.com/game.php?id=1859141"]
[Date "2025.6.24"]
[Round "1"]
[White "game"]
[Black "Ricardoabreu"]
[Result "0-1"]
[WhiteElo "1774"]
[BlackElo "1649"]

1. e4 b6 2. d4 e6 3. Nf3 Bb7 4. Ng5 h6 5. Nh3 Bxe4 6. f3 Bb7 7. Bc4 Nf6 8. Nc3
Nc6 9. Be3 Na5 10. Qd3 Nxc4 11. Qxc4 a6 12. O-O-O Nd5 13. Qd3 Nxe3 14. Qxe3 Bd6
15. f4 Qf6 16. d5 g6 17. Ne4 Qe7 18. Qc3 O-O-O 19. g3 Bxd5 20. Rhe1 c6 21. Qd3
b5 22. Qd4 Kb7 23. a4 c5 24. Qe3 bxa4 25. Kd2 Rb8 26. Rb1 Kc7 27. c4 Bxc4 28.
Qc3 Bb5 29. Qa5+ Kc8 30. Nc3 c4 31. Nxb5 axb5 32. Qa6+ Kd8 33. Qa5+ Ke8 34. Rbd1
Bb4+ 0-1

[Event "AUTO-INT-3937"]
[Site "http://www.queenalice.com/game.php?id=1859142"]
[Date "2025.6.24"]
[Round "1"]
[White "Ricardoabreu"]
[Black "game"]
[Result "0-1"]
[WhiteElo "1660"]
[BlackElo "1774"]

1. b3 d6 2. Bb2 Nc6 3. g3 e5 4. Bg2 Bf5 5. d3 Bg4 6. Nc3 Nf6 7. Ne4 d5 8. Nxf6+
gxf6 9. h3 Bf5 10. Nf3 e4 11. Nd4 Nxd4 12. Bxd4 Bb4+ 13. c3 Bd6 14. Qd2 Qd7 15.
Bxf6 Rg8 16. Qe3 Kf8 17. dxe4 Re8 18. f3 Bxg3+ 19. Kf1 Be6 20. Qxa7 dxe4 21.
fxe4 Qd2 22. Bf3 Rg6 23. Qc5+ Bd6 24. Qf2 Rxf6 25. c4 Be5 26. Re1 Bc3 27. Kg2
Qg5+ 28. Kh2 Be5+ 0-1

[Event "AUTO-INT-3937"]
[Site "http://www.queenalice.com/game.php?id=1859155"]
[Date "2025.6.24"]
[Round "1"]
[White "Ricardoabreu"]
[Black "SamuraiJOM"]
[Result "1-0"]
[WhiteElo "1703"]
[BlackElo "1754"]

1. b3 e5 2. Bb2 Nc6 3. g3 Nf6 4. Bg2 Bc5 5. Bxc6 dxc6 6. Bxe5 O-O 7. Bb2 Ne4 8.
e3 Nf6 9. h3 a5 10. Qe2 Be6 11. Nf3 Be7 12. Nc3 b5 13. Nd4 Bd7 14. Qf3 Bc5 15.
Nxc6 Bxc6 16. Qxc6 Qe7 17. Qxb5 Rfb8 18. Qd3 Rd8 19. Qe2 Qd6 20. Nb5 Qd7 21.
Bxf6 gxf6 22. O-O-O f5 23. Nc3 Qe6 24. Nb5 Bd6 25. Nxd6 Qxd6 26. Qh5 Rf8 27.
Qxf5 a4 28. Qg4+ Kh8 29. Kb2 axb3 30. cxb3 Qa3+ 31. Kc3 Qc5+ 32. Qc4 Qe5+ 33.
Qd4 Qxd4+ 34. Kxd4 Rfd8+ 35. Kc3 Rxa2 36. h4 c6 37. h5 c5 38. f4 f5 39. h6 Ra6
40. Ra1 Rb6 41. Rh5 Rg8 42. Rxf5 Rc6 43. Ra5 Rgc8 44. Kb2 Rd8 45. Kc3 Kg8 46.
Raxc5 Rxc5+ 47. Rxc5 Rd6 48. d4 Rxh6 49. g4 Kf7 50. Rf5+ Ke6 51. b4 Kd6 52. d5
Rh4 53. g5 Rg4 54. b5 Kc5 55. b6 Kxb6 56. Kd4 Rh4 57. Ke5 Rh3 58. e4 Rh5 59. d6
Kc6 60. Rf6 Kd7 61. Kf5 Rh1 62. e5 Rh5 63. Rh6 Rxh6 64. gxh6 Kd8 65. Ke6 Ke8 66.
f5 Kd8 67. f6 Ke8 68. f7+ Kf8 69. Kd7 Kxf7 70. e6+ Kf8 71. e7+ 1-0

[Event "AUTO-INT-3937"]
[Site "http://www.queenalice.com/game.php?id=1859156"]
[Date "2025.6.24"]
[Round "1"]
[White "SamuraiJOM"]
[Black "Ricardoabreu"]
[Result "0-1"]
[WhiteElo "1780"]
[BlackElo "1687"]

1. e4 b6 2. d4 e6 3. Nc3 Bb7 4. Nf3 h6 5. Bc4 Nf6 6. O-O Nxe4 7. Nxe4 Bxe4 8.
Bf4 d6 9. Qe2 Bb7 10. a4 Qf6 11. Qe3 a6 12. Bd3 Nc6 13. b3 Nb4 14. Bg3 Bxf3 15.
gxf3 Nxd3 16. Qxd3 Be7 17. c4 O-O 18. c5 dxc5 19. dxc5 Bxc5 20. f4 Rfd8 21. Qe2
a5 22. Qe4 Rac8 23. Qc2 Rd5 24. Rad1 Rxd1 25. Rxd1 Re8 26. Re1 Bd6 27. Qc1 Rd8
28. Re4 Bc5 29. Kf1 Rd5 30. h4 Bd6 31. Rc4 Rd4 32. Rxd4 Qxd4 33. Kg2 Qd5+ 34.
Kf1 Qxb3 35. Qa1 Qc4+ 36. Kg2 Bxf4 37. Bxf4 Qxf4 38. Qc3 Qxh4 39. Qxc7 Qxa4 40.
Qxb6 Qe4+ 41. f3 Qe2+ 42. Kg3 Qe1+ 43. Kg2 f6 44. Qb8+ Kh7 45. f4 e5 46. fxe5
Qxe5 47. Qb1+ Kg8 48. Qb3+ Kh7 49. Qd3+ f5 50. Kf3 Qe4+ 51. Qxe4 fxe4+ 52. Kxe4
g5 0-1

[Event "AUTO-INT-3937"]
[Site "http://www.queenalice.com/game.php?id=1859157"]
[Date "2025.6.24"]
[Round "1"]
[White "Ricardoabreu"]
[Black "Carlos19"]
[Result "1-0"]
[WhiteElo "1700"]
[BlackElo "1706"]

1. b3 e5 2. Bb2 Nc6 3. g3 Bc5 4. Bg2 d6 5. e3 Nf6 6. h3 O-O 7. Nc3 a6 8. Nd5
Nxd5 9. Bxd5 Be6 10. Bxe6 fxe6 11. Qg4 Qf6 12. f4 exf4 13. Bxf6 Rxf6 14. gxf4 g6
15. a3 e5 16. fxe5 Nxe5 17. Qe2 b5 18. b4 Bb6 19. O-O-O Nc4 20. Qd3 Raf8 21. Ne2
h5 22. Nf4 Kg7 23. Nd5 Rf5 24. Nxb6 cxb6 25. Qd4+ Kh6 26. d3 Nxa3 27. Kb2 Nxc2
28. Kxc2 Rf2+ 29. Rd2 Rxd2+ 30. Kxd2 Rf2+ 31. Ke1 Rg2 32. Qxd6 a5 33. Qxb6 Rg3
34. Qxa5 Rxe3+ 35. Kd2 Rf3 36. Qxb5 Rf2+ 37. Ke3 Rg2 38. Kd4 g5 39. Qc6+ Kh7 40.
Qxg2 1-0

[Event "AUTO-INT-3937"]
[Site "http://www.queenalice.com/game.php?id=1859158"]
[Date "2025.6.24"]
[Round "1"]
[White "Carlos19"]
[Black "Ricardoabreu"]
[Result "1-0"]
[WhiteElo "1656"]
[BlackElo "1711"]

1. e4 b6 2. Bc4 Bb7 3. Nc3 g6 4. Nf3 Bg7 5. Ng5 e6 6. d3 h6 7. Nf3 Bxc3+ 8. bxc3
Qf6 9. a4 Qxc3+ 10. Bd2 Qf6 11. e5 Qe7 12. O-O Nc6 13. d4 d6 14. Bb5 a6 15.
Bxc6+ Bxc6 16. exd6 Qxd6 17. c3 Nf6 18. Ne5 Ne4 19. Nxc6 Qxc6 20. Ra3 Nxd2 21.
Qxd2 Rd8 22. Re1 Rd5 23. g3 Ra5 24. Qc2 O-O 25. f4 Rd8 26. Re5 Rxe5 27. fxe5 Qf3
28. Qf2 Qxf2+ 29. Kxf2 c5 30. dxc5 bxc5 31. a5 Rd2+ 32. Kg1 Re2 33. h4 Rxe5 34.
Rb3 Re3 35. Kg2 Re2+ 36. Kh3 Ra2 37. Kg4 Rxa5 38. Rb2 f5+ 39. Kf4 Kg7 40. Rb7+
Kf6 41. Rd7 Ra3 42. Rd3 e5+ 43. Ke3 e4 44. Rd6+ Kg7 45. Rd7+ Kf6 46. Kd2 h5 47.
Rc7 Ra5 48. Rc6+ Kf7 49. Rc7+ Ke6 50. Rc6+ Ke5 51. Rxg6 Ra2+ 52. Ke3 Rc2 53. Rg5
Rxc3+ 54. Kd2 Rb3 55. Ke2 a5 56. Rxh5 Rxg3 57. Kf2 Rd3 58. Rh8 c4 59. Re8+ Kf6
60. Rf8+ Ke5 61. Re8+ Kf4 62. Ra8 Rh3 63. Rxa5 Rxh4 64. Ra4 c3 65. Rc4 Rh3 66.
Kg2 Rd3 67. Kf2 Re3 68. Rc5 Kg4 69. Rc4 Kh3 70. Kxe3 Kg4 71. Rxc3 Kg5 72. Rc7
Kf6 73. Kf4 Ke6 74. Rc6+ Kd5 75. Rf6 Kd4 76. Rxf5 e3 77. Re5 Kd3 78. Rxe3+ Kd2
79. Kf3 Kd1 80. Re2 Kc1 81. Ke3 Kb1 82. Rd2 Kc1 83. Kd3 Kb1 84. Rc2 Ka1 85. Kc3
Kb1 86. Kb3 Ka1 87. Rc1# 1-0

[Event "Challenge"]
[Site "http://www.queenalice.com/game.php?id=1859693"]
[Date "2025.7.9"]
[Round "-"]
[White "Ricardoabreu"]
[Black "marcomasa"]
[Result "1-0"]
[WhiteElo "1670"]
[BlackElo "2083"]

1. b3 e5 2. Bb2 Nc6 3. g3 Bc5 4. Bg2 Qf6 5. e3 Nge7 6. Nc3 a6 7. Ne4 Qg6 8. Nxc5
b6 9. Ne4 d6 10. h3 Bf5 11. d3 d5 12. Nc3 b5 13. Nxd5 O-O-O 14. Nxe7+ Nxe7 15.
Bxe5 c6 16. Bd4 Rhe8 17. Qd2 Nd5 18. Qa5 Nc7 19. Nf3 Qd6 20. Bxg7 Bxd3 21. cxd3
Qxd3 22. Qd2 Qg6 23. Qb2 Qe4 24. O-O Rd6 25. Rad1 Rg6 26. Bd4 Qf5 27. Qc1 Qe6
28. Qc5 Rgg8 29. Ne5 Rg5 30. Qxc6 Qe7 31. Qb7+ 1-0

[Event "Challenge"]
[Site "http://www.queenalice.com/game.php?id=1859701"]
[Date "2025.7.9"]
[Round "-"]
[White "marcomasa"]
[Black "Ricardoabreu"]
[Result "1-0"]
[WhiteElo "2053"]
[BlackElo "1716"]

1. e4 b6 2. Bc4 Bb7 3. Nc3 g6 4. Nf3 Bg7 5. d4 Nf6 6. Qd3 e6 7. h3 Qe7 8. a3 Nc6
9. Bf4 d6 10. Bg3 Nh5 11. Bh2 Na5 12. Ba2 Nf6 13. Bg3 Nh5 14. Bh2 Nc6 15. O-O-O
Qf6 16. Kb1 Nf4 17. Bxf4 Qxf4 18. g3 Qf6 19. Rhg1 e5 20. d5 Nb8 21. Qe3 Ba6 22.
h4 Nd7 23. g4 Nc5 24. g5 Qe7 25. Nh2 Bc8 26. f3 Qd7 27. Rg3 c6 28. dxc6 Qxc6 29.
Bd5 Qc7 30. Bxa8 Bb7 31. Nb5 Qb8 32. Nxd6+ Qxd6 33. Rxd6 Bxa8 34. Qd2 O-O 35.
Ng4 Rc8 36. Nf6+ Bxf6 37. gxf6 Ne6 38. Qh6 Bb7 39. Rxe6 Rxc2 40. Qg7# 1-0

[Event "Challenge"]
[Site "http://www.queenalice.com/game.php?id=1860891"]
[Date "2025.7.31"]
[Round "-"]
[White "Ricardoabreu"]
[Black "marcomasa"]
[Result "0-1"]
[WhiteElo "1713"]
[BlackElo "2077"]

1. b3 e5 2. Bb2 Nc6 3. g3 d5 4. Bg2 Qd6 5. e3 Bf5 6. d3 Nf6 7. Bh3 Qe6 8. Bxf5
Qxf5 9. h3 h6 10. Na3 a6 11. Nf3 Bc5 12. Nh4 Qe6 13. Qf3 g6 14. Nb1 O-O-O 15.
Nc3 Bb4 16. a3 Bxc3+ 17. Bxc3 d4 18. Bb2 h5 19. Ng2 g5 20. O-O-O Nd5 21. Qe2 Qe7
22. Qf3 Nc3 23. Rde1 f6 24. Qf5+ Kb8 25. Qf3 f5 26. Rhf1 Rdf8 27. exd4 Nxd4 28.
Qe3 Qc5 29. Qd2 Nd5 30. Bxd4 Qxd4 31. Qe2 Qa1+ 32. Kd2 Qc3+ 33. Kc1 Rf6 34. Qxe5
Qc6 35. Ne3 Nc3 36. Nd1 Nd5 37. h4 g4 38. Ne3 Nb6 39. Nxf5 Nd7 40. Qe4 Qc3 41.
Qe8+ Rxe8 42. Rxe8+ Ka7 43. Ne7 Nb6 44. Rd8 Qa1+ 45. Kd2 Qxf1 46. Nc6+ Rxc6 0-1

[Event "Challenge"]
[Site "http://www.queenalice.com/game.php?id=1860928"]
[Date "2025.8.1"]
[Round "-"]
[White "marcomasa"]
[Black "Ricardoabreu"]
[Result "1-0"]
[WhiteElo "2079"]
[BlackElo "1693"]

1. e4 b6 2. Bc4 Bb7 3. Nc3 g6 4. d3 Bg7 5. d4 e6 6. Nf3 Nf6 7. Qe2 Qe7 8. Bf4 d6
9. h3 a6 10. Bb3 Nc6 11. a3 Nh5 12. Be3 Nf6 13. Qd3 Na5 14. Ba2 Nc6 15. Bb3 b5
16. Qd2 Na5 17. Ba2 Nxe4 18. Nxe4 Bxe4 19. Qxa5 O-O 20. O-O-O Rfc8 21. h4 h6 22.
Rh3 Qd7 23. g4 Qc6 24. Ne1 Bg2 25. Nxg2 Qxg2 26. Rg3 Qc6 27. f4 Qe4 28. h5 c5
29. d5 c4 30. dxe6 fxe6 31. Rxd6 Bf6 32. hxg6 Qxg6 33. Rxe6 Qf7 34. f5 Re8 35.
Rd6 Be5 36. Rg6+ Bg7 37. Bxh6 Qe7 38. Rxg7+ Qxg7 39. Bxg7 Kxg7 40. g5 Rad8 41.
Qc3+ Kg8 42. Rh3 Kf7 43. Qf6+ Kg8 44. Rh8# 1-0

[Event "Challenge"]
[Site "http://www.queenalice.com/game.php?id=1861665"]
[Date "2025.8.15"]
[Round "-"]
[White "Ricardoabreu"]
[Black "marcomasa"]
[Result "0-1"]
[WhiteElo "1691"]
[BlackElo "2079"]

1. b3 e5 2. Bb2 Nc6 3. g3 d5 4. Bg2 Bc5 5. e3 Qd6 6. Nc3 Nf6 7. h3 Bf5 8. a3 a6
9. Na4 Ba7 10. Nc3 h6 11. Nf3 Bh7 12. Nh4 g5 13. Nf3 e4 14. Ng1 Bg6 15. g4 h5
16. Qe2 h4 17. d3 O-O 18. f4 exf3 19. Bxf3 Rfe8 20. Na2 Rxe3 21. Qxe3 Bxe3 22.
Ne2 Re8 23. Bc1 Bf4 24. Nc3 Nd4 25. Kd1 Nxf3 26. Nxf4 gxf4 27. Bd2 d4 28. Ne4
Nxe4 29. dxe4 Rxe4 30. Bb4 Qe5 31. Rb1 Re2 32. Kc1 Rxc2+ 0-1